000 00485 a2200169 4500
003 OSt
005 20240111122402.0
008 240111b |||||||| |||| 00| 0 eng d
020 _a9789382581109
040 _coclc
082 _a297
_bABD/M
100 _aAbdulla, Abdul Jabbar
_91916
245 _aMadyam prashnamo? pariharamo? /
_cAbdul Jabbar Abdullah
260 _aKerala:
_bDa'wa books,
_c2012
300 _a46p
942 _2ddc
_cBK
_h297
_iABD/M
_k297
_mABD/M
999 _c43138
_d43138